000 00377 a2200109 4500
001 ART_18809
005 20260410161920.0
008 260409a
245 1 0 _aModificaciones reglamentarias del impuesto a las ganancias en materia de venta de inmuebles
100 1 _aGaffuri, Silvia
773 0 _tLa información
_g- Tomo XXXVIII, Nº 583 (jul.1978)
_wREV14902
999 _c27629
_d27629